Licensure Examination for Teachers : (Record no. 25704)
[ view plain ]
| 000 -LEADER | |
|---|---|
| fixed length control field | 00477nam a22001697a 4500 |
| 005 - DATE AND TIME OF LATEST TRANSACTION | |
| control field | 20140310183635.0 |
| 008 - FIXED-LENGTH DATA ELEMENTS--GENERAL INFORMATION | |
| fixed length control field | 131126b xxu||||| |||| 00| 0 eng d |
| 050 ## - LIBRARY OF CONGRESS CALL NUMBER | |
| Classification number | LB 1765.P6 |
| Item number | .Ag282 [ca.2000] |
| 100 ## - MAIN ENTRY--PERSONAL NAME | |
| Personal name | Aguaviva,Erlinda M. |
| 245 ## - TITLE STATEMENT | |
| Title | Licensure Examination for Teachers : |
| Remainder of title | Reviewer / |
| Statement of responsibility, etc | Erlinda M. aguaviva |
| 260 ## - PUBLICATION, DISTRIBUTION, ETC. (IMPRINT) | |
| Place of publication, distribution, etc | [.S.l.] |
| Name of publisher, distributor, etc | [.S.n.] |
| Date of publication, distribution, etc | 200- |
| 300 ## - PHYSICAL DESCRIPTION | |
| Extent | 191 p. : |
| Other physical details | ill. ; |
| Dimensions | 24 cm. |
| 521 ## - TARGET AUDIENCE NOTE | |
| Target audience note | |
| 546 ## - LANGUAGE NOTE | |
| Language note | C6729 |
| 546 ## - LANGUAGE NOTE | |
| Language note | C6730 |
| 942 ## - ADDED ENTRY ELEMENTS (KOHA) | |
| Source of classification or shelving scheme | Library of Congress Classification |
| Koha item type | Books |
| Call number prefix | Local |
| Withdrawn status | Lost status | Source of classification or shelving scheme | Damaged status | Home library | Current library | Shelving location | Date acquired | Source of acquisition | Total Checkouts | Full call number | Barcode | Date last seen | Copy number | Price effective from | Koha item type |
|---|---|---|---|---|---|---|---|---|---|---|---|---|---|---|---|
| Library of Congress Classification | College Library | College Library | Filipiniana Section | 11/26/2013 | Library Fund | LB 1765.P6 .Ag282 [ca.2000] | C6729 | 05/08/2018 | 1 | 11/26/2013 | Books | ||||
| Library of Congress Classification | College Library | College Library | Filipiniana Section | 11/26/2013 | Library Fund | LB 1765.P6 .Ag282 [ca.2000] | C6730 | 05/08/2018 | 2 | 11/26/2013 | Books |